[Event "RUS-ch U20"]
[Site "Loo"]
[Date "2021.04.25"]
[Round "5"]
[White "Koliev, Irlan"]
[Black "Shemyakin, Valeriy"]
[Result "1/2-1/2"]
[WhiteElo "2023"]
[BlackElo "2168"]
[PlyCount "86"]
[EventDate "2021.04.21"]
[EventType "swiss"]
[EventRounds "9"]
[EventCountry "RUS"]
[SourceTitle "CBM 202 Extra"]
[Source "ChessBase"]
[SourceDate "2021.07.31"]
[SourceVersion "1"]
[SourceVersionDate "2021.07.31"]
[SourceQuality "1"]

1. d4 Nc6 2. c4 e5 3. d5 Nce7 4. Nc3 Ng6 5. e4 Nf6 6. h4 Bb4 7. h5 Ne7 8. f3 Bxc3+ 9. bxc3 d6 10. Bd3 Nd7 11. g4 Nc5 12. Bc2 0-0 13. Ne2 b6 14. Be3 a5 15. Kf2 Ba6 16. Bxc5 bxc5 17. Qd3 Qd7 18. Ng3 Rfb8 19. Rab1 Nc8 20. Nf5 Nb6 21. Ne3 Rb7 22. g5 Rab8 23. g6 fxg6 24. Rbg1 Rf8 25. h6 gxh6 26. Rxh6 Rf6 27. Rgh1 Rf7 28. Kg3 Rb8 29. Ng4 Rbf8 30. Bd1 Bxc4 31. Qd2 Rg7 32. Qg5 Qe7 33. Qxe7 Rxe7 34. Kh4 Ba6 35. Kg5 Ref7 36. R6h2 h5 37. Nh6+ Kg7 38. Nxf7 Rxf7 39. Rf2 Nd7 40. Rb2 Rf4 41. Rh4 Rf8 42. Rhh2 Rf4 43. Rh4 Rf8 1/2-1/2

[Event "RUS-ch blitz"]
[Site "Sochi"]
[Date "2018.10.07"]
[Round "2.22"]
[White "Shemyakin, Valeriy"]
[Black "Alekseenko, Kirill"]
[Result "0-1"]
[WhiteElo "2213"]
[BlackElo "2639"]
[PlyCount "80"]
[EventDate "2018.10.07"]
[EventType "swiss (blitz)"]
[EventRounds "20"]
[EventCountry "RUS"]
[SourceTitle "CBM 186 Extra"]
[Source "ChessBase"]
[SourceDate "2018.08.24"]
[SourceVersion "1"]
[SourceVersionDate "2018.08.24"]
[SourceQuality "1"]

1. d4 d5 2. c4 dxc4 3. Nf3 a6 4. a4 Nf6 5. e3 Bg4 6. Bxc4 e6 7. Nc3 Nc6 8. 0-0 Bd6 9. h3 Bh5 10. Be2 0-0 11. e4 Bxf3 12. Bxf3 Nxd4 13. Bg5 Be5 14. Be2 h6 15. Be3 Nxe2+ 16. Qxe2 Qe7 17. Qc4 Rfd8 18. f4 Bxc3 19. bxc3 Rd7 20. Bc5 Qe8 21. a5 Rad8 22. Rab1 Rd2 23. Be3 R2d3 24. Bd4 Rg3 25. Rxb7 Nxe4 26. Qxa6 Qa4 27. Qe2 f5 28. a6 c5 29. a7 cxd4 30. Rb8 Qxa7 31. Rxd8+ Kh7 32. cxd4 Qb6 33. Rd7 Nf6 34. Re7 Qxd4+ 35. Kh1 Re3 36. Qa2 Ne4 37. Kh2 Nd2 38. Rf2 Ne4 39. Rxe6 Nxf2 40. Rxe3 Qxe3 0-1

[Event "Voronezh op-A 22nd"]
[Site "Voronezh"]
[Date "2018.06.13"]
[Round "2"]
[White "Afanasieva, Alexandra"]
[Black "Shemyakin, Valeriy"]
[Result "0-1"]
[WhiteElo "2069"]
[BlackElo "2229"]
[PlyCount "126"]
[EventDate "2018.06.12"]
[EventType "swiss"]
[EventRounds "9"]
[EventCountry "RUS"]
[SourceTitle "CBM 185 Extra"]
[Source "ChessBase"]
[SourceDate "2018.07.29"]
[SourceVersion "1"]
[SourceVersionDate "2018.07.29"]
[SourceQuality "1"]

1. e4 g6 2. d4 Bg7 3. Nc3 c6 4. Be3 b5 5. Qd2 d6 6. 0-0-0 b4 7. Nb1 a5 8. f3 h5 9. Nh3 Nf6 10. Nf2 Be6 11. b3 Na6 12. Be2 Qb8 13. Nd3 Nc7 14. Nf4 Bd7 15. Bc4 d5 16. Bd3 dxe4 17. fxe4 Ng4 18. Kb2 Qa7 19. Bc4 Nxe3 20. Qxe3 e5 21. Nd3 exd4 22. Qf4 Ne6 23. Qd6 Qb8 24. Qxb8+ Rxb8 25. Nd2 Ke7 26. e5 h4 27. h3 Rh5 28. Nf3 Rd8 29. Rhe1 g5 30. Re4 Bc8 31. Bxe6 Bxe6 32. Nxd4 Bd5 33. Nf5+ Kf8 34. Nxg7 Kxg7 35. Re2 Be6 36. Rf1 Rd4 37. Nc5 g4 38. Nxe6+ fxe6 39. hxg4 Rxg4 40. Rd1 Rhg5 41. Rd7+ Kg6 42. Rd8 Kh7 43. Rd7+ Rg7 44. Rdd2 Kg6 45. Rd8 Kh7 46. Rdd2 Kh6 47. Rd8 R7g6 48. Re8 c5 49. Rf2 Re4 50. Rh8+ Kg5 51. Rf7 Rxe5 52. Rfh7 Kf6 53. Rxh4 Rxg2 54. Rf8+ Ke7 55. Rhh8 Ree2 56. Re8+ Kd6 57. Rd8+ Ke7 58. Rde8+ Kf6 59. Ref8+ Ke5 60. Rh5+ Kd6 61. Kb1 Re1+ 62. Kb2 Rgg1 63. c4 Re2# 0-1

[Event "RUS-chT2"]
[Site "Sochi"]
[Date "2018.05.08"]
[Round "7.9"]
[White "Shemyakin, Valeriy"]
[Black "Grigorjev, Iljya"]
[Result "1-0"]
[WhiteElo "2266"]
[BlackElo "2318"]
[PlyCount "95"]
[EventDate "2018.05.01"]
[EventType "team-swiss"]
[EventRounds "9"]
[EventCountry "RUS"]
[SourceTitle "CBM 184 Extra"]
[Source "ChessBase"]
[SourceDate "2018.06.28"]
[SourceVersion "1"]
[SourceVersionDate "2018.06.28"]
[SourceQuality "1"]
[WhiteTeam "Our Crimea"]
[BlackTeam "Lipetsk Region"]
[WhiteTeamCountry "RUS"]
[BlackTeamCountry "RUS"]

1. d4 Nf6 2. c4 g6 3. d5 Bg7 4. g3 d6 5. Bg2 0-0 6. Nc3 Nh5 7. e4 e5 8. Nf3 h6 9. 0-0 Qe8 10. Re1 Na6 11. a3 f5 12. exf5 gxf5 13. Nd4 Nf6 14. b4 Rb8 15. Ndb5 Bd7 16. Nxa7 Qf7 17. Nab5 f4 18. Ra2 Ng4 19. f3 Qh5 20. h3 Nf6 21. g4 Qh4 22. Ne4 h5 23. Nbc3 hxg4 24. hxg4 Nxg4 25. fxg4 f3 26. Bxf3 Rxf3 27. Qxf3 Qxe1+ 28. Qf1 Qxf1+ 29. Kxf1 Bxg4 30. c5 dxc5 31. b5 Rf8+ 32. Rf2 Nb8 33. Rxf8+ Kxf8 34. Nxc5 Bc8 35. Bg5 Ke8 36. N3e4 Bf8 37. a4 b6 38. Ne6 Bxe6 39. dxe6 c6 40. Nf6+ Ke7 41. Nh7+ Kxe6 42. Nxf8+ Kf7 43. Nd7 cxb5 44. Nxb8 bxa4 45. Ke2 Ke6 46. Kd3 Kd5 47. Na6 e4+ 48. Kc3 1-0

[Event "RUS-chT2"]
[Site "Sochi"]
[Date "2018.05.01"]
[Round "1.5"]
[White "Shemyakin, Valeriy"]
[Black "Novikov, Stanislav I"]
[Result "1/2-1/2"]
[WhiteElo "2266"]
[BlackElo "2540"]
[PlyCount "106"]
[EventDate "2018.05.01"]
[EventType "team-swiss"]
[EventRounds "9"]
[EventCountry "RUS"]
[SourceTitle "CBM 184 Extra"]
[Source "ChessBase"]
[SourceDate "2018.06.28"]
[SourceVersion "1"]
[SourceVersionDate "2018.06.28"]
[SourceQuality "1"]
[WhiteTeam "Our Crimea"]
[BlackTeam "Moscow Dystache"]
[WhiteTeamCountry "RUS"]
[BlackTeamCountry "RUS"]

1. d4 g6 2. c4 Bg7 3. e4 d6 4. Nc3 c6 5. Be3 a6 6. Qd2 b5 7. Rc1 Nf6 8. f3 0-0 9. b3 Nbd7 10. Nh3 bxc4 11. bxc4 c5 12. d5 Rb8 13. Nf2 Ne5 14. Be2 Rb4 15. Ncd1 a5 16. f4 Neg4 17. Bxg4 Nxg4 18. Nxg4 Bxg4 19. Nf2 Bd7 20. Nd3 Ra4 21. 0-0 Qb6 22. Rc2 Qa6 23. Rfc1 Re8 24. e5 Bf5 25. h3 Rc8 26. Bf2 Ra3 27. Rc3 Rxc3 28. Qxc3 a4 29. Re1 Rb8 30. g4 Bxd3 31. Qxd3 Rb2 32. e6 fxe6 33. Rxe6 Qa5 34. Be1 Qd8 35. Qe4 Bf6 36. g5 Bd4+ 37. Kh1 Rb7 38. h4 Qf8 39. h5 Qf5 40. Qxf5 gxf5 41. Re2 Kf7 42. Bh4 a3 43. Kg2 Rb4 44. g6+ hxg6 45. Rxe7+ Kf8 46. h6 Rb2+ 47. Kh3 Rxa2 48. h7 Rc2 49. Ra7 Rc3+ 50. Kg2 Rc2+ 51. Kh3 Rc3+ 52. Kg2 Rc2+ 53. Kh3 Rc3+ 1/2-1/2

[Event "Pardubice Czech op-A 28th"]
[Site "Pardubice"]
[Date "2017.07.26"]
[Round "6"]
[White "Suleymanli, Aydin Elshan"]
[Black "Shemyakin, Valeriy"]
[Result "1/2-1/2"]
[WhiteElo "2345"]
[BlackElo "2173"]
[PlyCount "103"]
[EventDate "2017.07.21"]
[EventType "swiss"]
[EventRounds "9"]
[EventCountry "CZE"]
[SourceTitle "CBM 179 Extra"]
[Source "ChessBase"]
[SourceDate "2017.08.23"]
[SourceVersion "1"]
[SourceVersionDate "2017.08.23"]
[SourceQuality "1"]

1. d4 Nf6 2. c4 e6 3. Nf3 Bb4+ 4. Nbd2 Qe7 5. a3 Bxd2+ 6. Qxd2 b6 7. e3 Bb7 8. Be2 d6 9. 0-0 Nbd7 10. b4 c5 11. Bb2 0-0 12. Rfd1 Rfd8 13. Rac1 Rac8 14. dxc5 dxc5 15. Qc3 Qf8 16. b5 Ne4 17. Qc2 Qe7 18. Bd3 f5 19. a4 Ng5 20. Nxg5 Qxg5 21. Bf1 Nf6 22. Qe2 Ne4 23. Be5 Qe7 24. f3 Ng5 25. Ra1 Nf7 26. Bc3 Rxd1 27. Rxd1 Rd8 28. Rxd8+ Qxd8 29. Qe1 Qg5 30. Kh1 e5 31. a5 Qe7 32. Qa1 h5 33. Qe1 h4 34. h3 g5 35. a6 Ba8 36. Be2 Kh7 37. Kg1 Kg6 38. Qf2 Nd6 39. Be1 Qe6 40. Qf1 Qe7 41. Bc3 Qe6 42. Bb2 Qe7 43. Qe1 Qe6 44. Qc3 Nf7 45. f4 Be4 46. fxe5 g4 47. Qe1 g3 48. Qf1 Qd7 49. Bc3 Ng5 50. Qf4 Bd3 51. e6 Nxe6 52. Qxh4 1/2-1/2

[Event "RUS-chT U14"]
[Site "Sochi"]
[Date "2016.05.10"]
[Round "9.3"]
[White "Shemyakin, Valeriy"]
[Black "Salemgareev, Tagir"]
[Result "0-1"]
[WhiteElo "2077"]
[BlackElo "2235"]
[PlyCount "74"]
[EventDate "2016.05.01"]
[EventType "team-tourn"]
[EventRounds "9"]
[EventCountry "RUS"]
[SourceTitle "EXT 2018"]
[Source "ChessBase"]
[SourceDate "2017.10.13"]
[SourceVersion "1"]
[SourceVersionDate "2017.10.13"]
[SourceQuality "1"]

1. d4 Nf6 2. c4 c5 3. Nf3 cxd4 4. Nxd4 Nc6 5. Nxc6 bxc6 6. g3 g6 7. Bg2 Bg7 8. 0-0 0-0 9. Nc3 Rb8 10. Qc2 c5 11. Bf4 d6 12. Rad1 Qa5 13. b3 Bf5 14. e4 Bg4 15. Rc1 Rfe8 16. h3 Bd7 17. g4 h5 18. g5 Nh7 19. Bd2 Nf8 20. Nd5 Qd8 21. Bc3 Ne6 22. Bxg7 Kxg7 23. f4 Nd4 24. Qd2 f5 25. exf5 Bxf5 26. Rce1 e6 27. Nf6 Re7 28. Kh2 a5 29. Be4 a4 30. Bxf5 exf5 31. Rxe7+ Qxe7 32. b4 Qe6 33. Nd5 Qe4 34. b5 Re8 35. Kg3 h4+ 36. Kxh4 Ne2 37. Qb2+ Qd4 0-1

[Event "Chigorin Memorial 23rd"]
[Site "St Petersburg"]
[Date "2015.10.09"]
[Round "7"]
[White "Shemyakin, Valeriy"]
[Black "Polozhentsev, Maksim"]
[Result "0-1"]
[WhiteElo "2169"]
[BlackElo "1897"]
[PlyCount "54"]
[EventDate "2015.10.03"]
[EventType "swiss"]
[EventRounds "9"]
[EventCountry "RUS"]
[SourceTitle "CBM 168 Extra"]
[Source "ChessBase"]
[SourceDate "2015.10.29"]
[SourceVersion "1"]
[SourceVersionDate "2015.10.29"]
[SourceQuality "1"]

1. e3 Nf6 2. b3 d5 3. Bb2 e6 4. f4 a6 5. Nf3 Be7 6. d3 0-0 7. Nbd2 c5 8. Ne5 Nbd7 9. Ndf3 Nxe5 10. Nxe5 Nd7 11. Be2 Nxe5 12. Bxe5 d4 13. f5 Bh4+ 14. Kd2 Bg5 15. Kc1 Bxe3+ 16. Kb2 Qa5 17. Bg3 Bd2 18. Be1 Bc3+ 19. Bxc3 Qxc3+ 20. Kb1 exf5 21. Bf3 Rb8 22. Qe1 Qxe1+ 23. Rxe1 Be6 24. a4 a5 25. Re5 b6 26. Kb2 Rfe8 27. Rae1 Bd7 0-1

[Event "Chigorin Memorial 23rd"]
[Site "St Petersburg"]
[Date "2015.10.06"]
[Round "4"]
[White "Shemyakin, Valeriy"]
[Black "Pridorozhni, Aleksei"]
[Result "0-1"]
[WhiteElo "2169"]
[BlackElo "2575"]
[PlyCount "62"]
[EventDate "2015.10.03"]
[EventType "swiss"]
[EventRounds "9"]
[EventCountry "RUS"]
[SourceTitle "CBM 168 Extra"]
[Source "ChessBase"]
[SourceDate "2015.10.29"]
[SourceVersion "1"]
[SourceVersionDate "2015.10.29"]
[SourceQuality "1"]

1. e4 c5 2. Nf3 Nc6 3. d4 cxd4 4. Nxd4 Qb6 5. Nb3 Nf6 6. Nc3 e6 7. Be3 Qc7 8. a3 a6 9. Be2 b5 10. 0-0 Ne5 11. f4 Nc4 12. Bxc4 bxc4 13. Nd4 Bb7 14. e5 Nd5 15. Nxd5 Bxd5 16. b4 cxb3 17. cxb3 Qb7 18. Rf2 g6 19. b4 Bg7 20. Rb1 0-0 21. Nb3 f6 22. Nc5 Qc6 23. exf6 Bxf6 24. Bd4 d6 25. Bxf6 Rxf6 26. Nd3 Qc3 27. a4 Raf8 28. Rd2 g5 29. Rc1 Qd4+ 30. Kh1 Qe3 31. Rc7 Be4 0-1

[Event "Chigorin Memorial 23rd"]
[Site "St Petersburg"]
[Date "2015.10.03"]
[Round "1"]
[White "Shemyakin, Valeriy"]
[Black "Bagaeva, Maria"]
[Result "1/2-1/2"]
[WhiteElo "2169"]
[BlackElo "1500"]
[PlyCount "61"]
[EventDate "2015.10.03"]
[EventType "swiss"]
[EventRounds "9"]
[EventCountry "RUS"]
[SourceTitle "CBM 168 Extra"]
[Source "ChessBase"]
[SourceDate "2015.10.29"]
[SourceVersion "1"]
[SourceVersionDate "2015.10.29"]
[SourceQuality "1"]

1. Nf3 Nf6 2. g3 d5 3. Bg2 c6 4. 0-0 Bf5 5. d4 h6 6. c4 e6 7. Nc3 Nbd7 8. Qb3 Qb6 9. c5 Qxb3 10. axb3 Be7 11. b4 a6 12. b5 cxb5 13. Nxb5 0-0 14. Nc3 Ne4 15. Nxe4 Bxe4 16. Bd2 Nf6 17. Ra2 Bd8 18. Bf4 Rc8 19. b4 Bc7 20. Bd2 Nd7 21. Rfa1 Nb8 22. Bc3 Nc6 23. Bf1 Bxf3 24. exf3 e5 25. dxe5 Bxe5 26. Bxe5 Nxe5 27. f4 Nc6 28. Rb1 Rfd8 29. Rd2 Rc7 30. Bg2 Ne7 31. Rbd1 1/2-1/2

[Event "Chigorin Memorial blitz 23rd"]
[Site "St Petersburg"]
[Date "2015.10.02"]
[Round "1"]
[White "Shemyakin, Valeriy"]
[Black "Alekseev, Evgeny V"]
[Result "0-1"]
[WhiteElo "2169"]
[BlackElo "2642"]
[PlyCount "42"]
[EventDate "2015.10.02"]
[EventType "swiss (blitz)"]
[EventRounds "13"]
[EventCountry "RUS"]
[SourceTitle "CBM 168 Extra"]
[Source "ChessBase"]
[SourceDate "2015.10.29"]
[SourceVersion "1"]
[SourceVersionDate "2015.10.29"]
[SourceQuality "1"]

1. d4 Nf6 2. c4 e6 3. g3 c5 4. d5 exd5 5. cxd5 d6 6. Nc3 g6 7. Bg2 Bg7 8. Nf3 0-0 9. 0-0 Nbd7 10. Nd2 Nh5 11. Nc4 Ne5 12. Ne3 f5 13. f4 Nf7 14. Nc4 Re8 15. Re1 Nf6 16. a4 Bd7 17. e4 fxe4 18. Nxe4 Nxe4 19. Bxe4 Qf6 20. Qd3 Bf5 21. Re2 Qd4+ 0-1

[Event "RUS-chT U18"]
[Site "St Petersburg"]
[Date "2015.08.06"]
[Round "6.7"]
[White "Shemyakin, Valeriy"]
[Black "Pershin, Denis"]
[Result "0-1"]
[WhiteElo "2091"]
[BlackElo "2278"]
[PlyCount "78"]
[EventDate "2015.08.01"]
[EventType "team-swiss"]
[EventRounds "9"]
[EventCountry "RUS"]
[SourceTitle "CBM 167 Extra"]
[Source "ChessBase"]
[SourceDate "2015.09.14"]
[SourceVersion "1"]
[SourceVersionDate "2015.09.14"]
[SourceQuality "1"]
[WhiteTeam "Crimea Republic"]
[BlackTeam "SDYuSShOR SS"]
[WhiteTeamCountry "RUS"]
[BlackTeamCountry "RUS"]

1. d4 Nf6 2. c4 e6 3. g3 d5 4. Bg2 Be7 5. Qc2 0-0 6. Nf3 a6 7. Ne5 c5 8. cxd5 cxd4 9. 0-0 Nxd5 10. Rd1 Bd6 11. Nc4 Bc5 12. Nbd2 Ba7 13. Nb3 Nc6 14. e3 b5 15. Na3 Ncb4 16. Qe2 dxe3 17. Bxe3 Bxe3 18. fxe3 Qb6 19. Nd4 Bb7 20. Nac2 Nxc2 21. Nxc2 Rac8 22. Nd4 g6 23. Rac1 Rxc1 24. Rxc1 e5 25. Bxd5 Bxd5 26. Nb3 Bc4 27. Qf2 Rd8 28. Nd2 Bxa2 29. b3 Rd3 30. Rc2 Bxb3 31. Nxb3 Rxb3 32. Kg2 Qxe3 33. Qxe3 Rxe3 34. Ra2 b4 35. Rxa6 b3 36. Rb6 f5 37. Kf2 f4 38. gxf4 exf4 39. Rb4 g5 0-1

[Event "RUS-chT U18"]
[Site "St Petersburg"]
[Date "2015.08.01"]
[Round "1.31"]
[White "Kolmagorov, Alexey"]
[Black "Shemyakin, Valeriy"]
[Result "1/2-1/2"]
[WhiteElo "1992"]
[BlackElo "2091"]
[PlyCount "89"]
[EventDate "2015.08.01"]
[EventType "team-swiss"]
[EventRounds "9"]
[EventCountry "RUS"]
[SourceTitle "CBM 167 Extra"]
[Source "ChessBase"]
[SourceDate "2015.09.14"]
[SourceVersion "1"]
[SourceVersionDate "2015.09.14"]
[SourceQuality "1"]
[WhiteTeam "Teis Youth"]
[BlackTeam "Crimea Republic"]
[WhiteTeamCountry "RUS"]
[BlackTeamCountry "RUS"]

1. d4 c5 2. d5 e5 3. e4 d6 4. c4 g6 5. Nc3 Bg7 6. Be2 Ne7 7. Nf3 0-0 8. 0-0 h6 9. Ne1 f5 10. f3 f4 11. Nd3 Nd7 12. a3 Nf6 13. b4 b6 14. bxc5 bxc5 15. Rb1 g5 16. Bd2 h5 17. Nf2 Bd7 18. Nb5 Nc8 19. Rb3 Rb8 20. a4 a6 21. Nc3 Rxb3 22. Qxb3 g4 23. Nd3 Rf7 24. Ra1 Bf8 25. Kf1 Nh7 26. Be1 Ng5 27. Bf2 gxf3 28. Bxf3 h4 29. Ke2 h3 30. Rg1 hxg2 31. Rxg2 Rg7 32. Ne1 Nxf3 33. Rxg7+ Bxg7 34. Nxf3 Bg4 35. Nb1 Qb6 36. Qd1 Qb2+ 37. Nbd2 Nb6 38. Kf1 Bxf3 39. Nxf3 Nxc4 40. Ng5 Bh6 41. Qh5 Bxg5 42. Qxg5+ Kf7 43. Qf5+ Ke8 44. Qc8+ Kf7 45. Qe6+ 1/2-1/2

[Event "RUS-chT U14"]
[Site "Sochi"]
[Date "2015.05.05"]
[Round "5.1"]
[White "Shemyakin, Valeriy"]
[Black "Privorotsky, Oleg1111"]
[Result "1-0"]
[WhiteElo "2080"]
[BlackElo "1924"]
[PlyCount "107"]
[EventDate "2015.05.01"]
[EventType "team-swiss"]
[EventRounds "7"]
[EventCountry "RUS"]
[SourceTitle "EXT 2018"]
[Source "ChessBase"]
[SourceDate "2017.10.13"]
[SourceVersion "1"]
[SourceVersionDate "2017.10.13"]
[SourceQuality "1"]

1. Nf3 d5 2. g3 Nf6 3. Bg2 c6 4. 0-0 Bg4 5. Ne5 Bf5 6. d4 e6 7. c4 Be7 8. Nc3 0-0 9. b3 Nbd7 10. Bb2 h6 11. Re1 Nxe5 12. dxe5 Nd7 13. e4 dxe4 14. Bxe4 Nxe5 15. Bxf5 Qxd1 16. Raxd1 Nf3+ 17. Kg2 Nxe1+ 18. Rxe1 Bf6 19. Bg4 Rfd8 20. Na4 Bxb2 21. Nxb2 Rd2 22. Re2 Rad8 23. Kf1 Kf8 24. Ke1 Rxe2+ 25. Kxe2 Ke7 26. Nd3 Kd6 27. f4 f6 28. Ke3 g5 29. c5+ Ke7 30. Bf3 gxf4+ 31. gxf4 Rg8 32. b4 Rb8 33. a4 a6 34. Kd4 Kd7 35. Nf2 e5+ 36. fxe5 fxe5+ 37. Kxe5 a5 38. b5 cxb5 39. axb5 a4 40. Nd3 a3 41. Nb4 Re8+ 42. Kd4 Kc7 43. b6+ Kb8 44. c6 bxc6 45. Bxc6 Re7 46. Kc5 Rg7 47. Kb5 Rg5+ 48. Ka4 Rg7 49. Kxa3 Rf7 50. Ka4 Rg7 51. Na6+ Kc8 52. b7+ Rxb7 53. Bxb7+ Kxb7 54. Kb5 1-0

[Event "Gelendzhik op"]
[Site "Gelendzhik"]
[Date "2015.01.11"]
[Round "8"]
[White "Shemeakin, Alexander"]
[Black "Shemyakin, Valeriy"]
[Result "0-1"]
[WhiteElo "2266"]
[BlackElo "2035"]
[PlyCount "107"]
[EventDate "2015.01.04"]
[EventType "swiss"]
[EventRounds "9"]
[EventCountry "RUS"]
[SourceTitle "CBM 164 Extra"]
[Source "ChessBase"]
[SourceDate "2015.03.02"]
[SourceVersion "1"]
[SourceVersionDate "2015.03.02"]
[SourceQuality "1"]

1. g3 Nf6 2. Bg2 e6 3. e4 c5 4. Ne2 Nc6 5. 0-0 Be7 6. f4 d6 7. c3 Qc7 8. d4 b6 9. e5 Nd7 10. Be3 Bb7 11. Na3 a6 12. Nc4 d5 13. Nd2 g6 14. a3 c4 15. g4 h5 16. h3 0-0-0 17. Nf3 hxg4 18. hxg4 Rdg8 19. Qc2 Na5 20. f5 gxf5 21. gxf5 Nb3 22. Rae1 Bh4 23. Nxh4 Rxh4 24. Nf4 Nf8 25. Kf2 Bc6 26. Rh1 Qd8 27. Nh5 Rh8 28. Nf6 Rxh1 29. Rxh1 Rxh1 30. Bxh1 Nd7 31. Bg5 Nxf6 32. Bxf6 Qg8 33. fxe6 fxe6 34. Bf3 Be8 35. Qd1 a5 36. Bg4 a4 37. Kf3 Bf7 38. Qh1 Na5 39. Qh6 Kd7 40. Bh4 Bg6 41. Kf4 Qf7+ 42. Bf6 Qg8 43. Bg7 Bf7 44. Kg5 Nc6 45. Qf6 b5 46. Kh6 Ne7 47. Bh3 Bg6 48. Bg4 Qh7+ 49. Kg5 Bf5 50. Bh5 Be4 51. Bg4 Bf5 52. Bh5 Be4 53. Bf8 Qf5+ 54. Kh6 0-1

[Event "Gelendzhik op"]
[Site "Gelendzhik"]
[Date "2015.01.10"]
[Round "7"]
[White "Rolgeizer, Genrikh"]
[Black "Shemyakin, Valeriy"]
[Result "0-1"]
[WhiteElo "1786"]
[BlackElo "2035"]
[PlyCount "112"]
[EventDate "2015.01.04"]
[EventType "swiss"]
[EventRounds "9"]
[EventCountry "RUS"]
[SourceTitle "CBM 164 Extra"]
[Source "ChessBase"]
[SourceDate "2015.03.02"]
[SourceVersion "1"]
[SourceVersionDate "2015.03.02"]
[SourceQuality "1"]

1. e4 g6 2. d4 Bg7 3. Nc3 c6 4. Nf3 d5 5. Be2 dxe4 6. Nxe4 Nd7 7. c3 Ngf6 8. Ng3 0-0 9. 0-0 Qc7 10. Qc2 e5 11. Rd1 exd4 12. Nxd4 Nc5 13. Bf3 Bg4 14. Be3 Bxf3 15. Nxf3 Ne6 16. Nd4 Nf4 17. c4 Ng4 18. Bxf4 Qxf4 19. Qd2 Qxd2 20. Rxd2 Rad8 21. Rad1 Bh6 22. Rd3 Ne5 23. Rb3 c5 24. Rb5 Nc6 25. Rxc5 Nxd4 26. Kf1 Ne6 27. Rcd5 Bg7 28. b3 Rxd5 29. Rxd5 Rd8 30. Rxd8+ Nxd8 31. Ke2 f5 32. Kd3 Kf7 33. Ne2 Nc6 34. a3 Ne5+ 35. Kc2 Ng4 36. f3 Ne3+ 37. Kd3 Nxg2 38. Kd2 Bh6+ 39. Kc3 Nf4 40. Ng3 Bg7+ 41. Kb4 Ke6 42. a4 Kd6 43. Kb5 Kc7 44. a5 Ne6 45. Ka4 Be5 46. Nf1 Nd4 47. Ne3 Nxf3 48. Nd5+ Kb8 49. b4 Nd4 50. c5 f4 51. b5 f3 52. Ne3 Bxh2 53. Nf1 Bf4 54. Kb4 g5 55. Kc4 Nxb5 56. Kxb5 g4 0-1